00418nam a2200145 4500001000700000003000900007005001700016007000300033008004100036100002000077245005700097260005200154300003400206852003200240144818ES-MaACL20230906201115.0t|070214s1971 xxu r ||||1| eng d1 aSlavin, Morris.10aEmission spectrochemical analysis / cMorris Slavin. aNew York [etc.] : bWiley Interscience, c1971. aXI, 254 p. : bil. ; c24 cm. aES-MaACLjC-56345 bR.89006